EFFICENCY OF SOLAR PUMP ON SMALL SCALE LARGE-PETION MUSTARD FARMING,ប្រសិទ្ធភាពស្នប់បូម SOLAR PUMP ក្នុងផលិតកម្មដំណាំស្ពៃខៀវលក្ខណៈគ្រួសារ (Record no. 19863)

000 -LEADER
fixed length control field 00587nam a22001217a 4500
040 ## - CATALOGING SOURCE
Transcribing agency RUA
100 ## - MAIN ENTRY--AUTHOR NAME
Personal name CHOY THENG,ចយ​ ថេង
245 ## - TITLE STATEMENT
Title EFFICENCY OF SOLAR PUMP ON SMALL SCALE LARGE-PETION MUSTARD FARMING,ប្រសិទ្ធភាពស្នប់បូម SOLAR PUMP ក្នុងផលិតកម្មដំណាំស្ពៃខៀវលក្ខណៈគ្រួសារ
260 ## - PUBLICATION, DISTRIBUTION, ETC. (IMPRINT)
Place of publication PHNOM PENH
Name of publisher RUA
Year of publication 2019
300 ## - PHYSICAL DESCRIPTION
Number of Pages viii,50p,
Other physical details ill,
Dimensions 29cm,
856 ## - ELECTRONIC LOCATION AND ACCESS
Uniform Resource Identifier https://drive.google.com/file/d/1OX2hJrAefEIJ5AEe1OT8Udd8knZZWR50/view?usp=sharing
942 ## - ADDED ENTRY ELEMENTS (KOHA)
Koha item type AGE
952 ## - LOCATION AND ITEM INFORMATION (KOHA)
Withdrawn status [LOCAL, KOHA] 0
952 ## - LOCATION AND ITEM INFORMATION (KOHA)
Withdrawn status [LOCAL, KOHA] 0
952 ## - LOCATION AND ITEM INFORMATION (KOHA)
Withdrawn status [LOCAL, KOHA] 0
952 ## - LOCATION AND ITEM INFORMATION (KOHA)
Withdrawn status [LOCAL, KOHA] 0
952 ## - LOCATION AND ITEM INFORMATION (KOHA)
Withdrawn status [LOCAL, KOHA] 0
952 ## - LOCATION AND ITEM INFORMATION (KOHA)
Withdrawn status [LOCAL, KOHA] 0
Holdings
Permanent Location Date acquired Koha item type Lost status Shelving location Barcode Current Location Full call number
Library Block B2022-01-04AGE B660A068024Library Block BAGE CHO 2019 B660 Or.
Library Block B2022-01-04AGE B660A068020Library Block BAGE CHO 2019 B660 Or.
Library Block B2022-01-04AGE B660A068032Library Block BAGE CHO 2019 B660 Or.
Library Block B2022-01-04AGE B660A068036Library Block BAGE CHO 2019 B660 Or.
Library Block B2022-01-04AGE B660A068040Library Block BAGE CHO 2019 B660 Or.
Library Block B2022-01-04AGE B660A067750Library Block BAGE CHO 2019 B660 Or.
មជ្ឈមណ្ឌលឯការនៃសាកលវិទ្យាល័យភូមិន្ទកសិកម្មចំការដូង

Powered by Koha